| 000 | 00794nam a22002057a 4500 | ||
|---|---|---|---|
| 999 |
_c21018 _d21018 |
||
| 003 | AR-CdUCM | ||
| 008 | 190724b ||||| |||| 00| 0 spa d | ||
| 040 |
_aMUNICIPALIDAD PROVINCIAL DEL CUSCO _cBIBLIOTECA MUNICIPAL DEL CUSCO |
||
| 082 |
_a985.64 / _bP84 |
||
| 100 |
_aPrado, Jorge _943806 |
||
| 245 |
_aLa vida es creación heroica : _bMariategui y su obra / |
||
| 260 |
_aLima : _bNuevo Horizonte, |
||
| 300 |
_a138 páginas ; _c17 cm. |
||
| 505 | _aContenido : nuestro propósito -- Auto-Ubicación ideológica de Mariategui -- Su camino entre socialismo utópico y el socialismo científico -- Su docencia clasista en las universidades populares ... | ||
| 650 |
_aMariategui _95414 |
||
| 650 |
_aPensamiento _9461 |
||
| 650 |
_aSocialismo _91037 |
||
| 942 |
_2ddc _cLIBROS |
||
| 945 | _azta | ||